| 000 | 00696nam a2200229Ia 4500 | ||
|---|---|---|---|
| 003 | BUBTL | ||
| 008 | 151213s9999 xx 000 0 und d | ||
| 020 | _a0521683254 | ||
| 082 |
_a418.0071/ R3901a/ 2001 _b |
||
| 100 |
_aRichards, jack C. _94641 |
||
| 245 |
_aApproaches and Methods in Language Teaching : _cJack C. Richards, Theodore S. Rodgers |
||
| 250 | _a2nd | ||
| 260 |
_aU.K _bCambirdge university press _cc2001 |
||
| 300 |
_a270p. : _b23 cm |
||
| 500 | _aIncludes Index | ||
| 650 |
_aEnglish Language _9194 |
||
| 650 |
_a _94658 |
||
| 700 |
_aJack C. Richards, Theodore S. Rodgers _94659 |
||
| 856 |
_k0 _l0 _yDownload |
||
| 942 |
_2ddc _cBK |
||
| 999 |
_c4880 _d4880 |
||